Akú úlohu zohráva motivácia pri výučbe cudzích jazykov?
Vyučovanie cudzieho jazyka je odlišné od vyučovania iných predmetov, čo vyplýva hlavne z jeho sociálneho aspektu. Učenie cudzieho jazyka nie je len učením zručností alebo systému pravidiel, ale súčasne aj formuje samotného študenta a to prijatím nového sociálneho a kultúrneho správania, ktoré vo výz...
Saved in:
| Main Author: | |
|---|---|
| Other Authors: | |
| Format: | Book Chapter |
| Language: | Slovak |
| Subjects: | |
| Tags: |
No Tags, Be the first to tag this record!
|
MARC
| LEADER | 00000nla$a2200000$$$4500 | ||
|---|---|---|---|
| 001 | 0148326 | ||
| 005 | 20240502072653.3 | ||
| 041 | 0 | |a slo | |
| 044 | |a SK | ||
| 245 | 1 | 0 | |a Akú úlohu zohráva motivácia pri výučbe cudzích jazykov? |c Hana Pašková, Eleonóra Zsapková |
| 520 | |a Vyučovanie cudzieho jazyka je odlišné od vyučovania iných predmetov, čo vyplýva hlavne z jeho sociálneho aspektu. Učenie cudzieho jazyka nie je len učením zručností alebo systému pravidiel, ale súčasne aj formuje samotného študenta a to prijatím nového sociálneho a kultúrneho správania, ktoré vo významnej miere ovplyvňuje sociálnu povahu učiaceho sa. Motivačné faktory, ktoré ovplyvňujú učiaceho sa cudzie jazyky. | ||
| 610 | 2 | 0 | |a vzdelávanie |
| 610 | 2 | 0 | |a jazyky cudzie |
| 610 | 2 | 0 | |a študenti |
| 610 | 2 | 0 | |a motivácia |
| 100 | 1 | |a Pašková, Hana | |
| 700 | 1 | |a Zsapková, Eleonóra | |